[Event "Ricany op"]
[Site "Ricany"]
[Date "2012.08.31"]
[Round "7"]
[White "Krejci, Martin"]
[Black "Vlcek, Vilem"]
[Result "1-0"]
[WhiteElo "1923"]
[BlackElo "1461"]
[PlyCount "53"]
[EventDate "2012.08.26"]
[EventType "swiss"]
[EventRounds "9"]
[EventCountry "CZE"]
[SourceTitle "CBM 150 Extra"]
[Source "ChessBase"]
[SourceDate "2012.10.19"]
[SourceVersion "1"]
[SourceVersionDate "2012.10.19"]
[SourceQuality "1"]

1. e4 c5 2. Nf3 d6 3. d4 cxd4 4. Nxd4 Nf6 5. Nc3 a6 6. Be2 e6 7. 0-0 Be7 8. Be3 0-0 9. f4 Nc6 10. a4 Nxd4 11. Bxd4 b6 12. Bd3 Nd7 13. Qe2 e5 14. Be3 exf4 15. Bxf4 Ne5 16. Nd5 Bb7 17. Ra3 Bxd5 18. exd5 Nxd3 19. Rxd3 Bf6 20. Rh3 Qc7 21. Qd3 g6 22. Bh6 Qc5+ 23. Be3 Qb4 24. Rxf6 Rae8 25. Rf1 Qxb2 26. Bd4 Qb4 27. Rxh7 1-0

[Event "Ricany op"]
[Site "Ricany"]
[Date "2012.08.28"]
[Round "4"]
[White "Starek, Stanislav"]
[Black "Krejci, Martin"]
[Result "1-0"]
[WhiteElo "2052"]
[BlackElo "1923"]
[PlyCount "77"]
[EventDate "2012.08.26"]
[EventType "swiss"]
[EventRounds "9"]
[EventCountry "CZE"]
[SourceTitle "CBM 150 Extra"]
[Source "ChessBase"]
[SourceDate "2012.10.19"]
[SourceVersion "1"]
[SourceVersionDate "2012.10.19"]
[SourceQuality "1"]

1. d4 Nf6 2. c4 g6 3. Nc3 d5 4. cxd5 Nxd5 5. e4 Nxc3 6. bxc3 Bg7 7. Bb5+ c6 8. Ba4 0-0 9. Ne2 Nd7 10. 0-0 Nb6 11. Bb3 Qc7 12. Be3 Rd8 13. Qc2 Bd7 14. Rab1 e5 15. a4 Nc8 16. Qa2 Be8 17. f3 Qe7 18. Rfd1 exd4 19. cxd4 Nd6 20. Qd2 c5 21. Bg5 Qc7 22. Bxd8 Rxd8 23. Rbc1 c4 24. e5 Qb6 25. Bxc4 Nxc4 26. Rxc4 Bxe5 27. Qc2 Bg7 28. Rb1 Qa6 29. Rd1 b5 30. Rc7 b4 31. Qe4 Qxa4 32. Rdc1 Bf8 33. Rc8 Qd7 34. Qa8 Qe7 35. Rxd8 Qe3+ 36. Kf1 Bb5 37. Rxf8+ Kg7 38. Rg8+ Kh6 39. Re1 1-0